Nueve cartas a Wanda / (Record no. 190652)
[ view plain ]
| 000 -LEADER | |
|---|---|
| campo de control de longitud fija | 01309nam a2200313 i 4500 |
| 001 - NÚMERO DE CONTROL | |
| campo de control | 190652 |
| 003 - IDENTIFICADOR DE NÚMERO DE CONTROL | |
| campo de control | ES-MaACL |
| 005 - FECHA Y HORA DE LA ÚLTIMA TRANSACCIÓN | |
| campo de control | 20240129125259.0 |
| 008 - DATOS DE LONGITUD FIJA--INFORMACIÓN GENERAL | |
| campo de control de longitud fija | 220311s2021 sp 001 f spa d |
| 020 ## - NÚMERO INTERNACIONAL ESTÁNDAR DEL LIBRO | |
| Número Internacional Estándar del Libro | 978-84-7960-840-8 |
| 080 ## - NÚMERO DE LA CLASIFICACIÓN DECIMAL UNIVERSAL | |
| Número de la Clasificación Decimal Universal | 821.134.2-31"19" |
| 100 1# - ENTRADA PRINCIPAL--NOMBRE DE PERSONA | |
| Nombre de persona | Sánchez Chapela, José Manuel. |
| 9 (RLIN) | 174305 |
| 245 10 - MENCIÓN DEL TÍTULO | |
| Título | Nueve cartas a Wanda / |
| Mención de responsabilidad, etc. | José Manuel Sánchez Chapela ; [presentación, Juan Armindo Hernández Montero]. |
| 260 ## - PUBLICACIÓN, DISTRIBUCIÓN, ETC. | |
| Lugar de publicación, distribución, etc. | Madrid : |
| Nombre del editor, distribuidor, etc. | Ediciones de la Torre, |
| Fecha de publicación, distribución, etc. | 2021. |
| 300 ## - DESCRIPCIÓN FÍSICA | |
| Extensión | 315 p. ; |
| Dimensiones | 24 cm. |
| 490 1# - MENCIÓN DE SERIE | |
| Mención de serie | Biblioteca de nuestro mundo. Germinal ; |
| Designación de volumen o secuencia | 8 |
| 490 1# - MENCIÓN DE SERIE | |
| Mención de serie | Ediciones de la Torre ; |
| Designación de volumen o secuencia | 652 |
| 586 ## - NOTA DE PREMIOS | |
| Nota de premios | Premio de Literatura Ateneo de Madrid 2020, modalidad de Novela |
| 596 ## - NOTA AL PIE DE IMPRENTA | |
| NOTA AL PIE DE IMPRENTA | En cub.: Ateneo de Madrid |
| 700 1# - ENTRADA AGREGADA--NOMBRE PERSONAL | |
| Nombre de persona | Hernández Montero, Juan Armindo |
| 9 (RLIN) | 168574 |
| 710 2# - ENTRADA AGREGADA--NOMBRE DE ENTIDAD CORPORATIVA | |
| Nombre de entidad corporativa o nombre de jurisdicción como elemento de entrada | Ateneo de Madrid. |
| 9 (RLIN) | 1875 |
| 830 1# - PUNTO DE ACCESO ADICIONAL DE SERIE-TÍTULO UNIFORME | |
| Título uniforme | Biblioteca de nuestro mundo. Germinal ; |
| Designación de volumen o secuencia | 8 |
| 9 (RLIN) | 225924 |
| 830 1# - PUNTO DE ACCESO ADICIONAL DE SERIE-TÍTULO UNIFORME | |
| Título uniforme | Ediciones de la Torre ; |
| Designación de volumen o secuencia | 652 |
| 9 (RLIN) | 192503 |
| 852 4# - LOCALIZACIÓN | |
| Ubicación | ES-MaACL |
| Número de control de estantería | A-14922 |
| itemnumber | 197832 |
| Sublocalización o colección | R.153083 |
| Ubicación en estantería | Depósito 1 |
| Signatura antigua | Olim: N-7922 |
| Donativo/Legado | Donacion: Editorial |
| 852 4# - LOCALIZACIÓN | |
| Ubicación | ES-MaACL |
| Número de control de estantería | A-14923 |
| itemnumber | 197831 |
| Sublocalización o colección | R.153083 |
| Ubicación en estantería | Depósito 1 |
| Signatura antigua | Olim: N-7923 |
| Anotaciones manuscritas | Dedicatoria autógrafa del autor |
| Donativo/Legado | Donación: Editorial |
| Copia número | Ej.1 |
| 942 ## - ELEMENTOS DE ENTRADA SECUNDARIOS (KOHA) | |
| Fuente del sistema de clasificación o colocación | Clasificación decimal universal |
| Tipo de ítem Koha | Libro impreso |
| Estatus retirado | Estado de pérdida | Fuente del sistema de clasificación o colocación | Estado de daño | No para préstamo | Biblioteca de origen | Biblioteca actual | Ubicación en estantería | Fecha de adquisición | Fuente de adquisición | Total de préstamos | Signatura topográfica completa | Código de barras | Visto por última vez | Precio de reemplazo | Tipo de ítem Koha | Nota pública | Restricciones de uso |
|---|---|---|---|---|---|---|---|---|---|---|---|---|---|---|---|---|---|
| Clasificación decimal universal | Biblioteca del Ateneo de Madrid | Biblioteca del Ateneo de Madrid | Depósito 1 | 11/03/2022 | Donación | A-14923 | 1202880 | 23/02/2023 | 23/02/2023 | Libro impreso | Dedicatoria autógrafa del autor | ||||||
| Clasificación decimal universal | Biblioteca del Ateneo de Madrid | Biblioteca del Ateneo de Madrid | Depósito 1 | 11/03/2022 | Donación | A-14922 | 1202879 | 23/02/2023 | 23/02/2023 | Libro impreso | Duplicado |
